| 000 | 00714cam a2200205Ia 4500 | ||
|---|---|---|---|
| 020 | _a1567513743 (pbk.) | ||
| 082 |
_a363.25 _bBLU _cL-40, P-73 |
||
| 100 | 1 |
_aBlum, William. _938053 |
|
| 245 | 1 | 0 |
_aRogue state : _ba guide to the world's only superpower / _cWilliam Blum. |
| 250 | _a3rd ed. | ||
| 260 |
_aMonroe, Me. : _bCommon Courage Press, _cc2002. |
||
| 300 |
_axxv, 308 p. : _c20 cm. _bNil |
||
| 526 |
_a0 _b0 _c0 _d363_250000000000000_BLU |
||
| 526 |
_a0 _b0 _c0 _d363_250000000000000_BLU |
||
| 650 | 0 |
_aHuman rights _xGovernment policy _zUnited States. _938054 |
|
| 650 | 0 |
_aHuman rights _zForeign countries. _938055 |
|
| 650 | 0 |
_aIntervention (International law) _938056 |
|
| 650 | 0 |
_aMCE _9379 |
|
| 942 |
_2ddc _cBK |
||
| 999 |
_c542743 _d542743 |
||